000 00505nam a2200169Ia 4500
008 090201s9999 xx 000 0 und d
010 _aKPL-30073
040 _bमराठी
041 _aमराठी
082 _a21576
_b30073
100 _aतुलसी बेहेरे
245 _aसर्वेअर
_cतुलसी बेहेरे
260 _c2004
_bजागर प्रकाशन
300 _a80
_bलहान
600 _aसर्वेअर
942 _cBOOK
999 _c221191
_d221191